| 000 | 01073cam a22002535a 4500 | ||
|---|---|---|---|
| 001 | L143344 | ||
| 008 | 080428s2006 xxkdo f 000 0 eng d | ||
| 020 | _a9780749448226 | ||
| 035 | _a(Sirsi) u143344 | ||
| 041 | 0 | _aeng | |
| 050 | 0 | 4 | _a658.45 $2 18 |
| 100 | 1 | _aBarker, Alan | |
| 245 | 0 | 0 | _aImprove your communication skills |
| 250 | _a2nd ed. | ||
| 260 |
_aLondon _bKogan Page _c2006 |
||
| 300 |
_avi, 145p. _bill. _c22cm. |
||
| 350 | _a8.99 | ||
| 505 | 2 | _aThe process of communication -- How conversations work -- Seven ways to improve your conversations -- The skills of enquiry -- The skills of persuasion -- Interviews: holding a formal conversation -- Making a presentation -- Putting it in writing | |
| 520 | _aOffers advice to those looking to improve their communication skills; demonstrating how to: improve conversations; build rapport; give effective presentations and other skills. Advises on verbal, vocal and visual communications. | ||
| 521 | _aAdvanced | ||
| 651 | 4 | _aInternational | |
| 690 | _aMANAGEMENT-BUSINESS MANAGEMENT | ||
| 942 | _n0 | ||
| 999 |
_c108129 _d108129 |
||